[Event "Girls U12 Polish Youth Championship"]
[Site "chess24.com"]
[Date "2018.04.29"]
[Round "1"]
[White "Brelinska, Matylda"]
[Black "Roszkiewicz, Zofia"]
[Result "0-1"]
[Board "23"]
[WhiteElo "1051"]
[WhiteCountry "POL"]
[WhiteFideId "21861072"]
[WhiteEloChange "-5"]
[BlackElo "1257"]
[BlackCountry "POL"]
[BlackFideId "21837384"]
[BlackEloChange "5"]

1. e4 {[%clk 1:30:57]} c5 {[%clk 1:30:55]} 2. c3 {[%clk 1:31:23]} d5 {[%clk
1:31:19]} 3. exd5 {[%clk 1:31:45]} Qxd5 {[%clk 1:31:41]} 4. d4 {[%clk 1:32:05]}
Nf6 {[%clk 1:31:59]} 5. Nf3 {[%clk 1:32:23]} Bg4 {[%clk 1:32:17]} 6. Be2 {[%clk
1:32:40]} cxd4 {[%clk 1:32:06]} 7. cxd4 {[%clk 1:32:54]} e6 {[%clk 1:31:33]} 8.
Bf4 {[%clk 1:29:49]} Nc6 {[%clk 1:30:35]} 9. O-O {[%clk 1:29:28]} Be7 {[%clk
1:28:19]} 10. h3 {[%clk 1:28:38]} Bh5 {[%clk 1:28:17]} 11. Nc3 {[%clk 1:28:30]}
Qd7 {[%clk 1:27:31]} 12. Rc1 {[%clk 1:28:29]} O-O {[%clk 1:27:44]} 13. Re1 {[%clk
1:28:36]} Rfd8 {[%clk 1:27:10]} 14. Nb5 {[%clk 1:15:51]} a6 {[%clk 1:25:05]} 15.
Nc7 {[%clk 1:13:30]} Rac8 {[%clk 1:25:06]} 16. Be5 {[%clk 1:03:33]} Bd6 {[%clk
1:18:20]} 17. Bxf6 {[%clk 1:02:52]} gxf6 {[%clk 1:18:30]} 18. d5 {[%clk 1:03:04]}
Bxf3 {[%clk 1:17:57]} 19. Bxf3 {[%clk 1:02:39]} Qxc7 {[%clk 1:16:49]} 20. Qa4
{[%clk 1:01:24]} exd5 {[%clk 1:15:12]} 21. Qg4+ {[%clk 0:58:22]} Kh8 {[%clk
1:14:52]} 22. Qh5 {[%clk 0:58:14]} Be5 {[%clk 1:13:39]} 23. Rc2 {[%clk 0:56:22]}
Qe7 {[%clk 1:10:53]} 24. Bg4 {[%clk 0:55:47]} Qb4 {[%clk 1:05:27]} 25. Rce2
{[%clk 0:55:28]} Nd4 {[%clk 0:59:32]} 26. Bf5 {[%clk 0:46:17]} Nxf5 {[%clk
0:53:06]} 27. Qxf5 {[%clk 0:46:10]} Qf4 {[%clk 0:52:04]} 28. Qxf4 {[%clk
0:45:47]} Bxf4 {[%clk 0:51:52]} 29. g3 {[%clk 0:45:28]} Be5 {[%clk 0:50:41]} 30.
f4 {[%clk 0:45:40]} Bd4+ {[%clk 0:50:02]} 31. Kg2 {[%clk 0:46:02]} Rc7 {[%clk
0:49:19]} 32. g4 {[%clk 0:45:28]} Rdc8 {[%clk 0:49:03]} 33. Rd2 {[%clk 0:45:38]}
Bxb2 {[%clk 0:38:47]} 34. Rxb2 {[%clk 0:45:43]} Rc2+ {[%clk 0:39:12]} 35. Rxc2
{[%clk 0:45:58]} Rxc2+ {[%clk 0:39:21]} 36. Kg3 {[%clk 0:46:14]} Rxa2 {[%clk
0:39:20]} 37. g5 {[%clk 0:46:08]} Kg7 {[%clk 0:38:19]} 38. Kg4 {[%clk 0:45:41]}
Kg6 {[%clk 0:37:38]} 39. f5+ {[%clk 0:44:56]} Kg7 {[%clk 0:37:12]} 40. Re3 {[%clk
0:44:53]} Rg2+ {[%clk 0:37:06]} 41. Kh4 {[%clk 0:44:46]} fxg5+ {[%clk 0:35:45]}
0-1

[Event "Girls U12 Polish Youth Championship"]
[Site "chess24.com"]
[Date "2018.04.29"]
[Round "1"]
[White "Sivickis, Kornelia"]
[Black "Kucharska, Helena"]
[Result "0-1"]
[Board "25"]
[WhiteElo "1026"]
[WhiteCountry "POL"]
[WhiteFideId "21836531"]
[WhiteEloChange "-4"]
[BlackElo "1247"]
[BlackCountry "POL"]
[BlackFideId "1195760"]
[BlackEloChange "4"]

1. e4 {[%clk 1:30:58]} e6 {[%clk 1:30:51]} 2. Nf3 {[%clk 1:31:24]} d5 {[%clk
1:30:59]} 3. exd5 {[%clk 1:31:43]} exd5 {[%clk 1:31:21]} 4. d4 {[%clk 1:32:07]}
Bd6 {[%clk 1:31:36]} 5. c4 {[%clk 1:32:27]} Ne7 {[%clk 1:30:18]} 6. Bd3 {[%clk
1:30:54]} Bg4 {[%clk 1:28:31]} 7. h3 {[%clk 1:30:38]} Bh5 {[%clk 1:27:03]} 8. Nc3
{[%clk 1:29:14]} dxc4 {[%clk 1:23:27]} 9. Bxc4 {[%clk 1:29:10]} Nbc6 {[%clk
1:22:59]} 10. O-O {[%clk 1:25:31]} O-O {[%clk 1:21:46]} 11. g4 {[%clk 1:15:37]}
Bg6 {[%clk 1:20:43]} 12. Ne5 {[%clk 1:13:39]} Nxe5 {[%clk 1:13:04]} 13. dxe5
{[%clk 1:12:31]} Bxe5 {[%clk 1:13:13]} 14. Qxd8 {[%clk 1:10:48]} Raxd8 {[%clk
1:12:26]} 15. f4 {[%clk 1:10:29]} Bd4+ {[%clk 1:12:40]} 16. Kg2 {[%clk 1:09:09]}
Bxc3 {[%clk 0:46:54]} 17. bxc3 {[%clk 1:08:32]} Be4+ {[%clk 0:47:11]} 18. Kh2
{[%clk 1:06:44]} Nd5 {[%clk 0:45:19]} 19. Bxd5 {[%clk 1:03:49]} Rxd5 {[%clk
0:45:04]} 20. Be3 {[%clk 1:03:35]} b6 {[%clk 0:43:54]} 21. Rad1 {[%clk 1:01:50]}
Rfd8 {[%clk 0:43:15]} 22. Rd4 {[%clk 0:59:12]} c5 {[%clk 0:42:02]} 23. Rxd5
{[%clk 0:58:38]} Rxd5 {[%clk 0:42:20]} 24. Re1 {[%clk 0:56:04]} f5 {[%clk
0:37:49]} 25. g5 {[%clk 0:54:05]} Rd3 {[%clk 0:36:17]} 26. c4 {[%clk 0:53:53]}
Rc3 {[%clk 0:35:24]} 27. h4 {[%clk 0:53:35]} Rc2+ {[%clk 0:32:56]} 28. Kg1 {[%clk
0:53:36]} Kf8 {[%clk 0:32:32]} 29. Rd1 {[%clk 0:52:27]} Ke7 {[%clk 0:32:44]} 30.
Rc1 {[%clk 0:51:36]} Rg2+ {[%clk 0:32:08]} 31. Kf1 {[%clk 0:51:22]} Rxa2 {[%clk
0:31:37]} 32. Rd1 {[%clk 0:49:46]} Rh2 {[%clk 0:31:23]} 33. Bf2 {[%clk 0:49:54]}
Rh1+ {[%clk 0:31:07]} 34. Ke2 {[%clk 0:49:45]} Bf3+ {[%clk 0:31:19]} 35. Kxf3
{[%clk 0:49:41]} Rxd1 {[%clk 0:31:42]} 0-1

[Event "Girls U12 Polish Youth Championship"]
[Site "chess24.com"]
[Date "2018.04.29"]
[Round "1"]
[White "Pudelko, Magdalena"]
[Black "Ziegert, Krystyna"]
[Result "1-0"]
[Board "26"]
[WhiteElo "1241"]
[WhiteCountry "POL"]
[WhiteFideId "21839093"]
[WhiteEloChange "4"]
[BlackElo "1001"]
[BlackCountry "POL"]
[BlackFideId "21861080"]
[BlackEloChange "-4"]

1. e4 {[%clk 1:30:59]} e6 {[%clk 1:30:58]} 2. d4 {[%clk 1:31:13]} d5 {[%clk
1:31:22]} 3. Nd2 {[%clk 1:31:26]} c5 {[%clk 1:30:49]} 4. Ngf3 {[%clk 1:31:47]}
Nc6 {[%clk 1:30:45]} 5. dxc5 {[%clk 1:31:42]} Bxc5 {[%clk 1:30:59]} 6. Bb5 {[%clk
1:30:29]} dxe4 {[%clk 1:30:53]} 7. Nxe4 {[%clk 1:30:17]} Qxd1+ {[%clk 1:30:54]}
8. Kxd1 {[%clk 1:30:38]} Bb6 {[%clk 1:30:36]} 9. Ne5 {[%clk 1:29:24]} Ne7 {[%clk
1:29:20]} 10. Nd6+ {[%clk 1:28:41]} Kf8 {[%clk 1:29:06]} 11. Nexf7 {[%clk
1:28:10]} Rg8 {[%clk 1:29:06]} 12. Bd3 {[%clk 1:27:21]} Ng6 {[%clk 1:28:06]} 13.
h4 {[%clk 1:25:48]} Ke7 {[%clk 1:27:36]} 14. Bg5+ {[%clk 1:22:31]} Kd7 {[%clk
1:26:41]} 15. h5 {[%clk 1:19:23]} Nge5 {[%clk 1:27:13]} 16. Bxh7 {[%clk 1:17:46]}
Rf8 {[%clk 1:25:47]} 17. Bg6 {[%clk 1:15:51]} Bc5 {[%clk 1:23:40]} 18. Nxe5+
{[%clk 1:15:26]} Nxe5 {[%clk 1:22:59]} 19. Nxc8 {[%clk 1:15:44]} Raxc8 {[%clk
1:18:41]} 20. f3 {[%clk 1:15:23]} Rc6 {[%clk 1:16:21]} 21. Ke2 {[%clk 1:15:14]}
Bb6 {[%clk 1:14:26]} 22. Rad1+ {[%clk 1:12:45]} Kc7 {[%clk 1:13:09]} 23. Be7
{[%clk 1:12:05]} Rc8 {[%clk 1:08:30]} 24. Be4 {[%clk 1:11:34]} Rc4 {[%clk
1:02:09]} 25. Bd6+ {[%clk 1:11:23]} Kd7 {[%clk 1:00:44]} 26. Bxe5+ {[%clk
1:11:49]} Ke7 {[%clk 1:00:59]} 27. b3 {[%clk 1:11:56]} Rxc2+ {[%clk 0:59:24]} 28.
Bxc2 {[%clk 1:12:10]} Rxc2+ {[%clk 0:58:31]} 29. Rd2 {[%clk 1:12:28]} Rc6 {[%clk
0:57:39]} 30. Rhd1 {[%clk 1:11:43]} a6 {[%clk 0:55:33]} 31. Rd7+ {[%clk 1:12:10]}
Ke8 {[%clk 0:55:39]} 32. Rxg7 {[%clk 1:12:11]} Rc2+ {[%clk 0:55:38]} 33. Kf1
{[%clk 1:11:43]} Rf2+ {[%clk 0:54:49]} 34. Ke1 {[%clk 1:12:08]} Rc2 {[%clk
0:53:54]} 35. Bf6 {[%clk 1:12:11]} Ba5+ {[%clk 0:52:04]} 36. Kf1 {[%clk 1:12:34]}
Bb6 {[%clk 0:52:19]} 37. h6 {[%clk 1:12:47]} Rf2+ {[%clk 0:50:36]} 38. Ke1 {[%clk
1:13:09]} Rxa2 {[%clk 0:50:21]} 39. h7 {[%clk 1:13:34]} Bc5 {[%clk 0:48:59]} 40.
Rd8# {[%clk 1:14:00]} 1-0

[Event "Girls U12 Polish Youth Championship"]
[Site "chess24.com"]
[Date "2018.04.30"]
[Round "2"]
[White "Pawicka, Magdalena"]
[Black "Grzesik, Nikola"]
[Result "1-0"]
[Board "1"]
[WhiteElo "1789"]
[WhiteCountry "POL"]
[WhiteFideId "21836507"]
[WhiteEloChange "2"]
[BlackElo "1313"]
[BlackCountry "POL"]
[BlackFideId "21816590"]
[BlackEloChange "-2"]

1. e4 {[%clk 1:30:57]} c5 {[%clk 1:30:53]} 2. Nf3 {[%clk 1:31:21]} e6 {[%clk
1:31:16]} 3. d4 {[%clk 1:31:44]} cxd4 {[%clk 1:31:42]} 4. Nxd4 {[%clk 1:31:59]}
Nf6 {[%clk 1:32:01]} 5. Nc3 {[%clk 1:32:06]} d6 {[%clk 1:32:25]} 6. Bd3 {[%clk
1:30:36]} Be7 {[%clk 1:31:20]} 7. O-O {[%clk 1:30:14]} a6 {[%clk 1:31:12]} 8. Qe2
{[%clk 1:29:22]} O-O {[%clk 1:29:54]} 9. f4 {[%clk 1:27:08]} Nc6 {[%clk 1:28:30]}
10. Nxc6 {[%clk 1:25:38]} bxc6 {[%clk 1:28:08]} 11. e5 {[%clk 1:22:36]} Nd7
{[%clk 1:27:36]} 12. Qe4 {[%clk 1:20:35]} g6 {[%clk 1:24:37]} 13. Qxc6 {[%clk
1:19:18]} Qb6+ {[%clk 1:23:36]} 14. Qxb6 {[%clk 1:18:35]} Nxb6 {[%clk 1:23:52]}
15. Be3 {[%clk 1:16:27]} Rb8 {[%clk 1:23:33]} 16. exd6 {[%clk 1:11:57]} Bxd6
{[%clk 1:22:18]} 17. Ne4 {[%clk 1:11:53]} Be7 {[%clk 1:20:57]} 18. c4 {[%clk
1:07:24]} Nd7 {[%clk 1:15:31]} 19. b3 {[%clk 1:06:32]} Bb7 {[%clk 1:14:04]} 20.
Rfd1 {[%clk 1:03:42]} Nf6 {[%clk 1:11:17]} 21. Nxf6+ {[%clk 1:02:54]} Bxf6 {[%clk
1:11:28]} 22. Rac1 {[%clk 1:03:12]} Rbc8 {[%clk 1:10:46]} 23. c5 {[%clk 1:00:27]}
Rfd8 {[%clk 1:09:38]} 24. Be2 {[%clk 0:59:26]} Rxd1+ {[%clk 1:05:18]} 25. Rxd1
{[%clk 0:59:09]} Rd8 {[%clk 1:01:27]} 26. Rxd8+ {[%clk 0:58:06]} Bxd8 {[%clk
1:01:53]} 27. b4 {[%clk 0:57:21]} Kf8 {[%clk 1:01:05]} 28. a4 {[%clk 0:57:25]}
Bc6 {[%clk 0:57:29]} 29. b5 {[%clk 0:57:49]} axb5 {[%clk 0:57:48]} 30. axb5
{[%clk 0:58:09]} Bd5 {[%clk 0:57:56]} 31. c6 {[%clk 0:55:09]} Ke8 {[%clk
0:57:33]} 32. Bf3 {[%clk 0:54:22]} Bxf3 {[%clk 0:57:24]} 33. gxf3 {[%clk
0:54:47]} Bc7 {[%clk 0:56:26]} 34. b6 {[%clk 0:55:09]} Kd8 {[%clk 0:56:25]} 35.
b7 {[%clk 0:51:31]} Ke7 {[%clk 0:55:12]} 36. Bc5+ {[%clk 0:51:28]} Kf6 {[%clk
0:53:42]} 37. Ba7 {[%clk 0:51:11]} Bxf4 {[%clk 0:53:14]} 38. Bb6 {[%clk 0:50:21]}
Kf5 {[%clk 0:51:29]} 39. c7 {[%clk 0:50:45]} Bxc7 {[%clk 0:51:53]} 40. Bxc7
{[%clk 0:51:11]} f6 {[%clk 0:51:30]} 41. b8Q {[%clk 0:51:32]} e5 {[%clk 0:51:46]}
42. Qc8+ {[%clk 0:51:49]} Kf4 {[%clk 0:52:04]} 43. Qg4+ {[%clk 0:52:14]} Ke3
{[%clk 0:52:16]} 44. Qe4+ {[%clk 0:52:40]} Kd2 {[%clk 0:51:55]} 45. Ba5+ {[%clk
0:53:02]} Kc1 {[%clk 0:52:10]} 46. Qe2 {[%clk 0:53:16]} e4 {[%clk 0:52:25]} 47.
Qd2+ {[%clk 0:53:27]} Kb1 {[%clk 0:52:48]} 48. Bc3 {[%clk 0:53:52]} exf3 {[%clk
0:53:06]} 49. Qb2# {[%clk 0:54:16]} 1-0

[Event "Girls U12 Polish Youth Championship"]
[Site "chess24.com"]
[Date "2018.04.30"]
[Round "2"]
[White "Palejko, Maria"]
[Black "Starosta, Martyna"]
[Result "0-1"]
[Board "2"]
[WhiteElo "1294"]
[WhiteCountry "POL"]
[WhiteFideId "21838208"]
[WhiteEloChange "-3"]
[BlackElo "1607"]
[BlackTitle "WCM"]
[BlackCountry "POL"]
[BlackFideId "21818754"]
[BlackEloChange "3"]

1. e4 {[%clk 1:30:57]} d6 {[%clk 1:30:53]} 2. d4 {[%clk 1:31:11]} Nf6 {[%clk
1:31:18]} 3. Nc3 {[%clk 1:31:00]} e5 {[%clk 1:31:40]} 4. dxe5 {[%clk 1:31:16]}
dxe5 {[%clk 1:32:05]} 5. Qxd8+ {[%clk 1:31:33]} Kxd8 {[%clk 1:32:25]} 6. Bg5
{[%clk 1:31:30]} Be7 {[%clk 1:32:06]} 7. O-O-O+ {[%clk 1:31:24]} Nbd7 {[%clk
1:31:38]} 8. Bxf6 {[%clk 1:30:08]} Bxf6 {[%clk 1:31:45]} 9. Nf3 {[%clk 1:29:58]}
c6 {[%clk 1:31:19]} 10. Be2 {[%clk 1:28:12]} b5 {[%clk 1:28:25]} 11. g4 {[%clk
1:25:39]} Kc7 {[%clk 1:27:33]} 12. g5 {[%clk 1:25:33]} Be7 {[%clk 1:27:06]} 13.
Rhg1 {[%clk 1:23:53]} a5 {[%clk 1:26:10]} 14. h4 {[%clk 1:22:09]} a4 {[%clk
1:23:02]} 15. Nb1 {[%clk 1:14:56]} Bc5 {[%clk 1:20:03]} 16. Rgf1 {[%clk 1:13:32]}
Bd6 {[%clk 1:17:30]} 17. h5 {[%clk 1:10:25]} Nc5 {[%clk 1:16:56]} 18. Nbd2 {[%clk
1:09:49]} Ne6 {[%clk 1:15:05]} 19. Rde1 {[%clk 1:04:06]} Nf4 {[%clk 1:13:03]} 20.
Rh1 {[%clk 1:03:53]} Bg4 {[%clk 1:12:44]} 21. h6 {[%clk 1:02:58]} g6 {[%clk
1:11:55]} 22. Bd1 {[%clk 0:58:38]} Be6 {[%clk 1:10:53]} 23. Kb1 {[%clk 0:57:49]}
a3 {[%clk 1:09:39]} 24. Nb3 {[%clk 0:53:33]} axb2 {[%clk 1:09:14]} 25. Kxb2
{[%clk 0:46:33]} Ra7 {[%clk 1:08:21]} 26. Be2 {[%clk 0:40:56]} Rha8 {[%clk
1:08:24]} 27. Kc3 {[%clk 0:30:59]} Rxa2 {[%clk 1:07:55]} 28. Bxb5 {[%clk
0:18:34]} cxb5 {[%clk 1:07:53]} 29. Ra1 {[%clk 0:17:51]} b4+ {[%clk 1:08:15]} 30.
Kd2 {[%clk 0:17:37]} Bxb3 {[%clk 1:08:35]} 31. Rxa2 {[%clk 0:17:49]} Rxa2 {[%clk
1:08:53]} 32. Rc1 {[%clk 0:18:00]} Be6 {[%clk 1:09:15]} 33. Ke1 {[%clk 0:17:46]}
Kb6 {[%clk 1:09:02]} 34. Nd2 {[%clk 0:17:58]} Kb5 {[%clk 1:08:58]} 35. f3 {[%clk
0:18:01]} Ra3 {[%clk 1:09:16]} 36. Kf2 {[%clk 0:17:50]} Bc5+ {[%clk 1:09:30]} 37.
Kf1 {[%clk 0:17:53]} Be3 {[%clk 1:09:43]} 38. c4+ {[%clk 0:17:20]} bxc3 {[%clk
1:09:59]} 39. Rb1+ {[%clk 0:17:33]} Kc5 {[%clk 1:10:18]} 40. Nb3+ {[%clk
0:16:45]} Rxb3 {[%clk 1:10:13]} 41. Ra1 {[%clk 0:16:33]} c2 {[%clk 1:10:33]} 0-1

[Event "Girls U12 Polish Youth Championship"]
[Site "chess24.com"]
[Date "2018.04.30"]
[Round "2"]
[White "Gaj, Magdalena"]
[Black "Bar, Klaudia"]
[Result "1-0"]
[Board "3"]
[WhiteElo "1585"]
[WhiteCountry "POL"]
[WhiteFideId "21804397"]
[WhiteEloChange "3"]
[BlackElo "1295"]
[BlackCountry "POL"]
[BlackFideId "21836337"]
[BlackEloChange "-3"]

1. d4 {[%clk 1:30:57]} f5 {[%clk 1:30:41]} 2. Nc3 {[%clk 1:31:11]} Nf6 {[%clk
1:30:00]} 3. Bg5 {[%clk 1:31:25]} d6 {[%clk 1:10:56]} 4. Bxf6 {[%clk 1:31:22]}
exf6 {[%clk 1:11:12]} 5. e3 {[%clk 1:31:33]} Be6 {[%clk 1:10:55]} 6. Bd3 {[%clk
1:31:51]} d5 {[%clk 1:09:17]} 7. Qf3 {[%clk 1:32:01]} Qd7 {[%clk 1:05:07]} 8.
Nge2 {[%clk 1:32:00]} g5 {[%clk 0:57:51]} 9. O-O-O {[%clk 1:16:02]} h5 {[%clk
0:56:45]} 10. h4 {[%clk 1:04:57]} g4 {[%clk 0:55:47]} 11. Qg3 {[%clk 1:05:17]} a6
{[%clk 0:53:52]} 12. Nf4 {[%clk 1:01:17]} Bd6 {[%clk 0:53:46]} 13. f3 {[%clk
0:52:25]} Nc6 {[%clk 0:53:03]} 14. fxg4 {[%clk 0:45:42]} hxg4 {[%clk 0:51:58]}
15. a3 {[%clk 0:39:38]} O-O-O {[%clk 0:51:00]} 16. Qf2 {[%clk 0:39:26]} Bxf4
{[%clk 0:49:54]} 17. Qxf4 {[%clk 0:38:41]} Ne7 {[%clk 0:47:16]} 18. g3 {[%clk
0:37:00]} Ng6 {[%clk 0:42:00]} 19. Qf2 {[%clk 0:34:34]} Kb8 {[%clk 0:37:59]} 20.
Rhf1 {[%clk 0:33:45]} Ne7 {[%clk 0:36:15]} 21. Qe2 {[%clk 0:30:09]} Qd6 {[%clk
0:35:02]} 22. Qf2 {[%clk 0:27:41]} Qd7 {[%clk 0:35:03]} 23. Ne2 {[%clk 0:27:56]}
Qc8 {[%clk 0:34:53]} 24. Kb1 {[%clk 0:27:06]} Bd7 {[%clk 0:20:30]} 25. Rc1 {[%clk
0:23:03]} c5 {[%clk 0:19:32]} 26. dxc5 {[%clk 0:21:54]} Qxc5 {[%clk 0:19:00]} 27.
Nd4 {[%clk 0:21:46]} Rh5 {[%clk 0:19:04]} 28. c4 {[%clk 0:18:30]} Qd6 {[%clk
0:17:10]} 29. cxd5 {[%clk 0:14:38]} Qxd5 {[%clk 0:16:20]} 30. Qf4+ {[%clk
0:13:29]} Ka8 {[%clk 0:15:27]} 31. Bc4 {[%clk 0:12:26]} Qe5 {[%clk 0:15:14]} 32.
Ne6 {[%clk 0:10:54]} Bxe6 {[%clk 0:13:27]} 33. Qxe5 {[%clk 0:11:12]} fxe5 {[%clk
0:13:31]} 34. Bxe6 {[%clk 0:11:37]} Rd6 {[%clk 0:13:16]} 35. Bc4 {[%clk 0:10:55]}
b5 {[%clk 0:12:55]} 36. Be2 {[%clk 0:08:28]} Nc6 {[%clk 0:11:11]} 37. Rc5 {[%clk
0:07:21]} Kb7 {[%clk 0:10:15]} 38. Rfc1 {[%clk 0:06:00]} Rhh6 {[%clk 0:10:18]}
39. e4 {[%clk 0:04:53]} Rd2 {[%clk 0:08:52]} 40. Bd1 {[%clk 0:04:43]} fxe4 {[%clk
0:08:42]} 41. Bxg4 {[%clk 0:04:57]} e3 {[%clk 0:08:54]} 42. Rxc6 {[%clk 0:04:05]}
Rxc6 {[%clk 0:09:16]} 43. Bf3 {[%clk 0:04:28]} Rd6 {[%clk 0:09:37]} 44. Bxc6+
{[%clk 0:04:27]} Rxc6 {[%clk 0:09:59]} 45. Re1 {[%clk 0:04:53]} Rh6 {[%clk
0:09:53]} 46. Rxe3 {[%clk 0:05:19]} Rh5 {[%clk 0:10:10]} 47. Kc2 {[%clk 0:05:03]}
Kc6 {[%clk 0:10:30]} 48. Re4 {[%clk 0:04:09]} Kd5 {[%clk 0:10:43]} 49. Kd3 {[%clk
0:04:15]} Rh8 {[%clk 0:11:00]} 50. Re3 {[%clk 0:03:06]} Rg8 {[%clk 0:11:14]} 51.
h5 {[%clk 0:02:58]} e4+ {[%clk 0:10:51]} 52. Rxe4 {[%clk 0:02:56]} Rxg3+ {[%clk
0:11:11]} 53. Re3 {[%clk 0:03:24]} Rg5 {[%clk 0:11:19]} 54. Rh3 {[%clk 0:03:25]}
Rg7 {[%clk 0:11:37]} 55. h6 {[%clk 0:02:58]} Rh7 {[%clk 0:12:00]} 56. Rh5+ {[%clk
0:03:04]} Ke6 {[%clk 0:12:17]} 57. Kd4 {[%clk 0:03:07]} Kd6 {[%clk 0:12:31]} 58.
b4 {[%clk 0:03:20]} Rh8 {[%clk 0:12:09]} 59. h7 {[%clk 0:03:26]} Kd7 {[%clk
0:12:26]} 60. Rh6 {[%clk 0:03:30]} Kc8 {[%clk 0:12:30]} 61. Kc5 {[%clk 0:02:52]}
Kb7 {[%clk 0:12:44]} 62. Kd6 {[%clk 0:02:43]} 1-0

[Event "Girls U12 Polish Youth Championship"]
[Site "chess24.com"]
[Date "2018.04.30"]
[Round "2"]
[White "Roszkiewicz, Zofia"]
[Black "Zabrzanska, Weronika"]
[Result "0-1"]
[Board "4"]
[WhiteElo "1257"]
[WhiteCountry "POL"]
[WhiteFideId "21837384"]
[WhiteEloChange "-3"]
[BlackElo "1557"]
[BlackCountry "POL"]
[BlackFideId "21825173"]
[BlackEloChange "3"]

1. e4 {[%clk 1:30:57]} e5 {[%clk 1:30:53]} 2. Nf3 {[%clk 1:31:20]} Nc6 {[%clk
1:31:18]} 3. d4 {[%clk 1:31:39]} exd4 {[%clk 1:31:44]} 4. Nxd4 {[%clk 1:32:02]}
Bb4+ {[%clk 1:32:01]} 5. Bd2 {[%clk 1:30:08]} Qe7 {[%clk 1:32:08]} 6. Nxc6 {[%clk
1:25:22]} Qxe4+ {[%clk 1:32:22]} 7. Qe2 {[%clk 1:24:44]} Qxe2+ {[%clk 1:32:26]}
8. Kxe2 {[%clk 1:23:27]} Bxd2 {[%clk 1:32:31]} 9. Kxd2 {[%clk 1:21:32]} dxc6
{[%clk 1:32:16]} 10. Bd3 {[%clk 1:20:57]} Be6 {[%clk 1:32:28]} 11. Nc3 {[%clk
1:19:39]} Nf6 {[%clk 1:32:40]} 12. Ne4 {[%clk 1:15:59]} Nxe4+ {[%clk 1:32:50]}
13. Bxe4 {[%clk 1:15:25]} O-O-O+ {[%clk 1:33:11]} 14. Kc3 {[%clk 1:15:14]} g6
{[%clk 1:29:33]} 15. Rad1 {[%clk 1:14:10]} Bd5 {[%clk 1:20:28]} 16. Rhe1 {[%clk
1:10:34]} Bxe4 {[%clk 1:16:25]} 17. Rxd8+ {[%clk 1:10:24]} Rxd8 {[%clk 1:16:05]}
18. Rxe4 {[%clk 1:10:43]} Kd7 {[%clk 1:16:15]} 19. Rd4+ {[%clk 1:09:56]} Ke7
{[%clk 1:16:36]} 20. Rxd8 {[%clk 1:10:14]} Kxd8 {[%clk 1:17:00]} 21. Kd4 {[%clk
1:09:28]} Ke7 {[%clk 1:17:20]} 22. b4 {[%clk 0:56:12]} b6 {[%clk 1:14:39]} 23. c4
{[%clk 0:55:34]} Ke6 {[%clk 1:14:01]} 24. c5 {[%clk 0:55:11]} Kf5 {[%clk
1:12:01]} 25. g3 {[%clk 0:51:55]} f6 {[%clk 0:59:59]} 26. h3 {[%clk 0:50:22]} h5
{[%clk 0:56:36]} 27. f4 {[%clk 0:49:27]} h4 {[%clk 0:56:39]} 28. gxh4 {[%clk
0:48:26]} Kxf4 {[%clk 0:57:02]} 29. a4 {[%clk 0:48:35]} Kg3 {[%clk 0:54:51]} 30.
h5 {[%clk 0:47:45]} gxh5 {[%clk 0:54:00]} 31. Ke4 {[%clk 0:47:35]} Kxh3 {[%clk
0:53:12]} 32. Kf5 {[%clk 0:46:46]} Kg3 {[%clk 0:53:16]} 33. Kxf6 {[%clk 0:47:09]}
h4 {[%clk 0:53:37]} 34. Ke7 {[%clk 0:47:26]} h3 {[%clk 0:53:18]} 35. Kd7 {[%clk
0:47:53]} bxc5 {[%clk 0:51:31]} 36. bxc5 {[%clk 0:48:08]} h2 {[%clk 0:51:53]} 37.
Kxc6 {[%clk 0:48:11]} h1Q+ {[%clk 0:52:05]} 38. Kxc7 {[%clk 0:48:36]} Qe4 {[%clk
0:47:37]} 39. a5 {[%clk 0:48:04]} Qb4 {[%clk 0:47:36]} 40. c6 {[%clk 0:48:11]}
Qxa5+ {[%clk 0:47:54]} 41. Kd7 {[%clk 0:48:33]} Qd5+ {[%clk 0:48:14]} 42. Kc7
{[%clk 0:48:51]} a5 {[%clk 0:48:15]} 43. Kb6 {[%clk 0:49:09]} Qxc6+ {[%clk
0:47:04]} 0-1

[Event "Girls U12 Polish Youth Championship"]
[Site "chess24.com"]
[Date "2018.04.30"]
[Round "2"]
[White "Siekanska, Maria"]
[Black "Szopa, Emilia"]
[Result "1/2-1/2"]
[Board "5"]
[WhiteElo "1550"]
[WhiteCountry "POL"]
[WhiteFideId "21852650"]
[WhiteEloChange "-7"]
[BlackElo "1261"]
[BlackCountry "POL"]
[BlackFideId "21858853"]
[BlackEloChange "7"]

1. d4 {[%clk 1:30:58]} Nf6 {[%clk 1:30:39]} 2. c4 {[%clk 1:31:22]} c5 {[%clk
1:29:51]} 3. d5 {[%clk 1:31:46]} b5 {[%clk 1:29:44]} 4. cxb5 {[%clk 1:32:11]} a6
{[%clk 1:30:04]} 5. bxa6 {[%clk 1:32:36]} Bxa6 {[%clk 1:30:25]} 6. Nc3 {[%clk
1:32:59]} d6 {[%clk 1:29:28]} 7. e4 {[%clk 1:33:23]} Bxf1 {[%clk 1:29:31]} 8.
Kxf1 {[%clk 1:33:47]} g6 {[%clk 1:29:41]} 9. g3 {[%clk 1:33:57]} Bg7 {[%clk
1:29:45]} 10. Kg2 {[%clk 1:34:15]} O-O {[%clk 1:28:50]} 11. Nf3 {[%clk 1:34:39]}
Nbd7 {[%clk 1:28:15]} 12. Re1 {[%clk 1:35:01]} Qa5 {[%clk 1:25:34]} 13. e5 {[%clk
1:35:02]} Ng4 {[%clk 1:22:45]} 14. exd6 {[%clk 1:35:05]} exd6 {[%clk 1:22:21]}
15. Qc2 {[%clk 1:33:07]} Nde5 {[%clk 1:19:25]} 16. Nxe5 {[%clk 1:32:32]} Nxe5
{[%clk 1:19:36]} 17. Bf4 {[%clk 1:30:12]} Rfb8 {[%clk 1:17:32]} 18. Bxe5 {[%clk
1:25:02]} Bxe5 {[%clk 1:17:38]} 19. Re3 {[%clk 1:18:11]} Qb4 {[%clk 1:13:15]} 20.
Re2 {[%clk 1:17:02]} Qxb2 {[%clk 1:07:08]} 21. Qxb2 {[%clk 1:17:00]} Rxb2 {[%clk
1:07:27]} 22. Rxb2 {[%clk 1:17:17]} Bxc3 {[%clk 1:07:46]} 23. Rab1 {[%clk
1:17:12]} Bxb2 {[%clk 1:07:53]} 24. Rxb2 {[%clk 1:17:38]} Ra3 {[%clk 1:05:12]}
25. Rb6 {[%clk 1:16:58]} Rxa2 {[%clk 1:04:45]} 26. Rxd6 {[%clk 1:17:18]} Rd2
{[%clk 1:04:59]} 27. Kf3 {[%clk 1:16:44]} c4 {[%clk 1:02:33]} 28. Ke3 {[%clk
1:12:50]} c3 {[%clk 0:59:58]} 29. h4 {[%clk 1:02:38]} Rd1 {[%clk 0:59:04]} 30.
Rc6 {[%clk 1:01:53]} Rxd5 {[%clk 0:57:52]} 31. Rxc3 {[%clk 1:02:15]} Ra5 {[%clk
0:55:44]} 32. Kf3 {[%clk 1:00:25]} Ra4 {[%clk 0:55:45]} 33. Kg2 {[%clk 0:59:39]}
Kg7 {[%clk 0:55:24]} 34. Kh3 {[%clk 0:58:59]} h5 {[%clk 0:54:46]} 35. f3 {[%clk
0:58:04]} f6 {[%clk 0:54:08]} 36. g4 {[%clk 0:57:28]} g5 {[%clk 0:52:35]} 37.
Rc7+ {[%clk 0:57:31]} Kg6 {[%clk 0:51:50]} 38. hxg5 {[%clk 0:54:33]} hxg4+ {[%clk
0:50:33]} 39. fxg4 {[%clk 0:54:36]} Ra3+ {[%clk 0:50:30]} 40. Kg2 {[%clk
0:54:45]} Kxg5 {[%clk 0:50:34]} 41. Rg7+ {[%clk 0:54:47]} Kf4 {[%clk 0:49:59]}
42. Rg6 {[%clk 0:54:41]} Rg3+ {[%clk 0:49:45]} 43. Kh2 {[%clk 0:54:43]} 1/2-1/2